8 größte Städte Südkorea - Statistiken

Allgemein
  • Dieses Quiz wurde 19 mal gespielt
  • Das Durchschnittsergebnis liegt bei 4 aus 8
Antwortstatistiken
Einwohner Antwort % Korrekt
9.330.000 Seoul
100%
3.270.000 Busan
83%
3.020.000 Incheon
78%
2.360.000 Daegu
72%
1.410.000 Gwangju
39%
1.100.000 Ulsan
39%
1.440.000 Daejeon
28%
390.000 Sejong
6%
Keine übereinstimmenden Quizze gefunden
Verteilung der Resultate
Anzahl Personen mit jedem Resultat
Perzentil nach korrekt beantworteten Fragen
Ihre Resultats-Entwicklung
Sie haben dieses Quiz noch nicht gespielt